000
00212 a2200097 4500
001
38262
100
_a
Verne
245
_a
Around the world in eighty days
260
_a
London
_b
Penguin
_c
090
_c
24319
_d
24319
942
_a
NUST-CAE
_c
M
_c
15913
999
_c
273335
_d
273335